| 000 | 00000nam 2200000zi 4500 |
| 001 | 9.926026 |
| 003 | CaOODSP |
| 005 | 20240307081316 |
| 006 | m o d f |
| 007 | cr mn||||||||| |
| 008 | 230809t20232024onc ob f000 0 fre d |
| 040 | |aCaOODSP|bfre|erda|cCaOODSP |
| 043 | |an-cn--- |
| 086 | 1 |aP29-003-014-2023F-PDF |
| 245 | 00|aPropane utilisé comme carburant. |
| 264 | 1|aOttawa (Ontario) : |bOffice des normes générales du Canada : |bConseil canadien des normes, |c2023. |
| 264 | 4|c©2024 |
| 300 | |a1 ressource en ligne (17 pages). |
| 336 | |atexte|btxt|2rdacontent/fre |
| 337 | |ainformatique|bc|2rdamedia/fre |
| 338 | |aressource en ligne|bcr|2rdacarrier/fre |
| 490 | 1 |aNorme nationale du Canada ; |vCAN/CGSB-3.14-2023 |
| 500 | |a« Publiée en août 2023. » |
| 500 | |a« Remplace CAN/CGSB-3.14-2018. » |
| 500 | |a« Rectificatif no 1, mars 2024. » |
| 500 | |a« Expérience et excellence » -- Couverture. |
| 500 | |aPublié aussi en anglais sous le titre: Propane for fuel purposes. |
| 504 | |aComprend des références bibliographiques (pages 9-10). |
| 520 | |a« La présente Norme nationale du Canada s'applique à deux grades de propane utilisé comme carburant. Ces grades sont principalement constitués d'hydrocarbures comptant trois atomes de carbone » -- Objet, page 1. |
| 650 | 6|aPropane|xNormes|zCanada. |
| 650 | 6|aCombustibles|xNormes|zCanada. |
| 650 | 6|aPropane (Combustible)|xNormes|zCanada. |
| 710 | 2 |aOffice des normes générales du Canada, |eorganisme de publication. |
| 710 | 2 |aConseil canadien des normes, |eorganisme de publication. |
| 775 | 08|tPropane for fuel purposes.|w(CaOODSP)9.926023 |
| 795 | |tPropane utilisé comme carburant |b2018|w(CaOODSP)9.860970 |
| 830 | #0|aNorme nationale du Canada ;|vno 3.14-2023.|w(CaOODSP)9.504227 |
| 856 | 40|qPDF|s2.26 Mo|uhttps://publications.gc.ca/collections/collection_2023/ongc-cgsb/P29-003-014-2023-fra.pdf|zRectificatif no 1, mars 2024 |
| 986 | |aICS 75.160.30 |